banner koha

Paraíso das flores (Registro n. 330213)

MARC details
000 -LÍDER
fixed length control field 00699nab a2200217 4500
003 - CÓDIGO MARC DA AGÊNCIA CATALOGADORA
Campo de controle BR-BrBNA
005 - DATA E HORA DA ÚLTIMA ATUALIZAÇÃO
Campo de controle 20250228231058.0
008 - CAMPO DE TAMANHO FIXO
fixed length control field 250228b bl.||||| |||| 00| 0 por d
040 ## - FONTE DA CATALOGAÇÃO
Agência catalogadora BR-BrBNA
Idioma da catalogação por
072 ## - CATEGORIA AGRIS
Código AGRIS F01 ; E71
Código do objeto 3307
100 ## - ENTRADA PRINCIPAL - NOME PESSOAL
Nome pessoal Stefano, Fabiane
100 ## - ENTRADA PRINCIPAL - NOME PESSOAL
Nome pessoal Caldeira, Zeca
245 ## - TÍTULO PRINCIPAL
Título principal Paraíso das flores
Subtítulo Agronegócios
500 ## - NOTA GERAL
Nota geral 4 illus.
942 ## - ADDED ENTRY ELEMENTS (KOHA)
Koha item type Analítica
650 ## - ASSUNTO - THESAGRO
Cabeçalho tópico ou nome geográfico FLORICULTURA
650 ## - ASSUNTO - THESAGRO
Cabeçalho tópico ou nome geográfico HOLAMBRA
650 ## - ASSUNTO - THESAGRO
Cabeçalho tópico ou nome geográfico EXPORTAÇÃO
773 0# - ENTRADA ANALÍTICA
Host Biblionumber 1706
Registro do item 347825
Imprenta São Paulo-SP Editora Três Ltda - E-mail: luizfsa@revistadinheiro.com.br 2004
Outro identificador 2025-0326
Título Dinheiro Rural (Brazil)
ISSN 1807-3700
Colação v. 2(11) p. 62-64; (Sep 2005)
Número de controle de registro BR2025000049

Nenhum exemplar disponível.

BINAGRI

Telefone: (61)3218-2567/2388/3357/2097 - binagri@agro.gov.br

Ministério da Agricultura e Pecuária , Esplanada dos Ministérios, Bloco D, Anexo B, Brasília/DF, CEP: 70.043-900